Plätze - Statistiken

Allgemein
  • Dieses Quiz wurde 188 mal gespielt
  • Das Durchschnittsergebnis liegt bei 9 aus 18
Antwortstatistiken
Platz Stadt % Korrekt
Trafalgar Square London
97%
Roter Platz Moskau
91%
Plaça de Catalunya Barcelona
78%
Tian'anmen-Platz (Platz des himmlischen Friedens) Peking
77%
Marienplatz München
74%
Petersplatz Vatikanstadt
70%
Gendarmenmarkt Berlin
69%
Taksim-Platz Istanbul
56%
Borsigplatz Dortmund
44%
Maidan Nezalezhnosti (Unabhängikeitsplatz) Kiew
44%
Place du Canada Montreal
44%
Museumplein Amsterdam
41%
Rabin-Platz Tel Aviv
37%
Djemaa el Fna (Platz der Gaukler) Marrakesch
21%
Piazza dei Miracoli Pisa
18%
Syntagma-Platz Athen
16%
Zócalo Mexiko Stadt
16%
Place des Quinconces Bordeaux
10%
Keine übereinstimmenden Quizze gefunden
Verteilung der Resultate
Anzahl Personen mit jedem Resultat
Perzentil nach korrekt beantworteten Fragen
Ihre Resultats-Entwicklung
Sie haben dieses Quiz noch nicht gespielt